000 00231nam a2200097Ia 4500
008 201217s9999 xx 000 0 und d
100 _aKher, Manik
245 0 _aConciliation and Adjudication Today
260 _aPune
_bTFR
942 _cBK
999 _c7250
_d7250